| 000 | 00410nam a22001697a 4500 | ||
|---|---|---|---|
| 005 | 20180719144858.0 | ||
| 008 | 160622b xxu||||| |||| 00| 0 eng d | ||
| 020 | _a81-203-7209-0 | ||
| 041 | _aeng | ||
| 082 |
_b9159 _a658.83 |
||
| 100 |
_aSundarsanam, P.S. _91338 |
||
| 245 | _aThe essence of Mergers and Acquistitions | ||
| 260 |
_bPHI _c2003 |
||
| 300 | _a295p, | ||
| 650 |
_aManagement _9241 |
||
| 942 | _cBK | ||
| 999 |
_c3528 _d3527 |
||